<?xml version="1.0" encoding="UTF-8"?>
<collection xmlns="http://www.loc.gov/MARC21/slim">
  <record>
    <leader>00000nam  2200000   4500</leader>
    <controlfield tag="001">INLIS000000000011937</controlfield>
    <controlfield tag="005">20220316100546</controlfield>
    <datafield tag="035" ind1="#" ind2="#">
      <subfield code="a">0010-0322000166</subfield>
    </datafield>
    <controlfield tag="007">ta</controlfield>
    <controlfield tag="008">220316################g##########0#ind##</controlfield>
    <datafield tag="245" ind1="1" ind2="#">
      <subfield code="a">"SAKTI" Satu kartu terintegrasi kartu anggota layanan perpustakaan berbasis nomor induk kependudukan /</subfield>
      <subfield code="c">Teguh Purwanto</subfield>
    </datafield>
    <datafield tag="260" ind1="#" ind2="#">
      <subfield code="a">Jakarta :</subfield>
      <subfield code="b">Pusbangkom PIMNAS dan Manajerial ASN,</subfield>
      <subfield code="c">2021</subfield>
    </datafield>
    <datafield tag="300" ind1="#" ind2="#">
      <subfield code="a">vi, 136 hal. :</subfield>
      <subfield code="b">ilus. ;</subfield>
      <subfield code="c">30 cm</subfield>
    </datafield>
    <datafield tag="600" ind1="#" ind2="4">
      <subfield code="a">perpustakaan</subfield>
    </datafield>
    <datafield tag="856" ind1="#" ind2="#">
      <subfield code="a">Perpustakaan LAN</subfield>
    </datafield>
    <datafield tag="100" ind1=" " ind2="#">
      <subfield code="a">Purwanto, Teguh</subfield>
    </datafield>
    <datafield tag="084" ind1="#" ind2="#">
      <subfield code="a">R 151 PIM II 2021</subfield>
    </datafield>
    <datafield tag="990" ind1="#" ind2="#">
      <subfield code="a">2111151</subfield>
    </datafield>
  </record>
</collection>
